000 00610 a2200157 4500
003 NUST
005 20221202145525.0
040 _cNust
082 _a537,RCA
245 _aRF power devices /
_cRCA corporation
250 _aInternational edition
260 _aUSA
_bRCA corporation
_c1973
300 _a543 p.:
505 _aIndex to Contents (Page-6), Index to RF Power Devices (Page-7), Power to RF Frequency Curve (Page-8), Application Chart (Page-11), Replacement Guide (Page-17), Technical Data (Page-19), Application Notes (Page-413), Guide to RCA Solid Devices (Page-512).
942 _2ddc
_cBK
_k537,RCA
999 _c193606
_d193606